Регионална библиотека "Любен Каравелов" - Русе

Реалният свят на цифровата фотография (Запис номер 111559)

MARC детайли
000 -Лидер
Контролно поле с фиксирана дължина 02041nam a2200421 c 4500
003 - Код на организацията, давaща контролен номер
Контролно поле BLK
005 - Дата и час на последна редакция
Контролно поле 20220930163407.0
008 - Елементи от данни с фиксирана дължина
fixed length control field 180409b bul|||||r ||||||| ||bul||
010 ## - Наследен системен номер
LC control number KNG00116905000
020 ## - Международен стандартен номер на книга ISBN
Международен стандартен номер на книга ISBN 954-7610-16-3
-- издат.: ИнфоДар - (грешен)
040 ## - Източник на каталожния запис
Идентификатор на билиотеката - собственик на записа BLK
041 ## - Код за език
Код за езика на текст/звукозапис или на отделно заглавие Български
Код за езика КДБФ Български
080 ## - УДК
Текстов определител УДК Апаратура за снимки. Фотоапарати. Фотоувеличители
УДК код - определител по УДК 771.3
УДК определител :681.3(035)
УДК - код + определител 771.3:681.3(035)
080 ## - УДК
Текстов определител УДК Фотографска техника и процеси. Вж и 771
УДК код - определител по УДК 77.02
УДК определител :681.3(035)
УДК - код + определител 77.02:681.3(035)
100 1# - Редна дума - Автор
Автор Макклиланд, Дик
Авторска отговорност първи автор
R(LIN) 91276
139 ## - Редно поле
Редна дума Макклиланд, Дик и др.
Авторски знак Мак - М 19
245 10 - Сведения за заглавието
Заглавие Реалният свят на цифровата фотография
Подзаглавни данни Производствено-ефективни техники
Редно поле (дума) Дик Макклиланд; съавт. Катрин Айсман; предг. от Алексис Джерард; прев. от англ. Даринка Станчева.
257 ## - Страна на издаване
Страна на създаване/издаване Съединени американски щати
260 ## - Област на издателските данни
-- София
Име на издателя, разпространителя и проч. ИнфоДар
Година на издаване 2001
Печатница София : Симолини
300 ## - Физическа характеристика
Страници 453 с., 32 с.
Илюстрации и др. цв. ил.
Размери/Мащаб 23 см
380 ## - Жанр
Жанр Изкуство
500 ## - Общи забележки
Забележка Без сведение за ориг. загл.
650 #4 - Допълнително описание по предмет – тема
Основно описание – тема или топоним Фотография - наръчници и ръководства
9 (RLIN) 258492
650 #4 - Допълнително описание по предмет – тема
Основно описание – тема или топоним ЕИМ - приложение - във фотографията
9 (RLIN) 311636
653 ## - Ключова дума – ненормативна
Ключова дума фотография
653 ## - Ключова дума – ненормативна
Ключова дума ЕИМ
653 ## - Ключова дума – ненормативна
Ключова дума наръчници
653 ## - Ключова дума – ненормативна
Ключова дума цифрова фотография
653 ## - Ключова дума – ненормативна
Ключова дума цифрови изображения
700 1# - Други автори (авторска отговорност)
Лично име Айсман, Катрин
Автороска отговорност (Описва отношението между автора и произведението) съавт.
9 (RLIN) 29824
700 1# - Други автори (авторска отговорност)
Лично име Джерард, Алексис
Автороска отговорност (Описва отношението между автора и произведението) предг. от
9 (RLIN) 312216
700 1# - Други автори (авторска отговорност)
Лично име Станчева, Даринка
Автороска отговорност (Описва отношението между автора и произведението) прев. от англ.
9 (RLIN) 312217
852 ## - Местоположение
Форматна сигнатура Цб 222200
856 4# - Електронен адрес и достъп
Електронен формат pdf - файл
Път до файла /url/
856 4# - Електронен адрес и достъп
Електронен формат pdf - файл
Път до файла /url/
942 ## - АРТИКУЛИ
Вид на библиотечния материал Книги
Скрит в OPAC Не
Koha issues (borrowed), all copies 1
944 ## - СЪЗДАВАНЕ И РЕДАКЦИЯ на ЗАПИСА
Създаване/Редакция Създаване
Дата на регистрацията/редакция 17.01.2005
Статус, дата на статуса ф /
Служител, извършил регистрацията/редакцията Цветанка_Енчева
944 ## - СЪЗДАВАНЕ И РЕДАКЦИЯ на ЗАПИСА
Създаване/Редакция Редакция
Дата на регистрацията/редакция 25.09.2017
Статус, дата на статуса ф /
Служител, извършил регистрацията/редакцията Виолета_Тройчева
999 ## - СИСТЕМНИ КОНТРОЛНИ НОМЕРА
Koha biblionumber 111559
Koha biblioitemnumber 111559
Наличности
Код за отписване Код за изгубен артикул Източник на класификационната схема Код за повреда Коз за рестрикции Код за отдаване Артикулен № Име на библиотеката - собственик Име на библиотеката, в която се намира в момента Статус (Текущо местоположение) Дата на вписване в системата Местоположение - отдел Цена в лева Инвентарен номер Систематично азбучна сигнатура Баркод Номер на екземпляра Цена в евро Служебна бележка Служебен тип на артикула
  Не е изгубен Universal Decimal Classification Не е повреден само за читалня ползва се в читалня 179179 Регионална библиотека "Любен Каравелов" Русе Регионална библиотека "Любен Каравелов" Русе Хранилище 2005-01-17 Хранилище 20.00 120000691104 Цб 222200 120000691104 1 10.23 Дост: Dp Вид: Д N: 11 Дата: 02.03.2004 Книги
  Не е изгубен Universal Decimal Classification Не е повреден без рестрикции заемане за дома 179180 Регионална библиотека "Любен Каравелов" Русе Регионална библиотека "Любен Каравелов" Русе Отдел Изкуство - подръчен фонд 2015-04-27 Отдел Изкуство - подръчен фонд 20.00 120000787552 77/М 19 120000787552 2 10.23 Дост: DA Вид: А N: 7 Дата: 27.04.2015 Книги
Vip Innovations Ltd, Rousse, Bulgaria 2025